000 00503nam a2200169 4500
001 124238
003 ES-MaACL
005 20230906192343.0
007 t|
008 070214s1914 xxk r ||||1| eng d
100 1 _aRashdall, Hastings.
_995485
245 1 0 _aIs conscience an emotion?
_b: three lectures on recent ethical theories /
_cby Hastings Rashdall.
260 _aLondon :
_bT. Fisher Unwin,
_c1914.
300 _a199 p. ;
_c19 cm.
852 _aES-MaACL
_jG-9188
852 _aES-MaACL
_jF-4484
999 _c124238
_d124238